|
|
|
|
| LEADER |
00000cam a2200000 a 4500 |
| 001 |
vtls008603875 |
| 003 |
SK-MaSNL |
| 005 |
20260311130345.0 |
| 008 |
230403s1955 xo f 100 0 slo |
| 015 |
|
|
|a SNBA1955
|
| 020 |
|
|
|q (viazané)
|
| 035 |
|
|
|a SAVUKc197532
|
| 035 |
|
|
|a urn:nbn:sk:snk-am3i3mh
|
| 035 |
|
|
|a 997E225A-D74E-42A1-8935-C2FCB719A724
|
| 035 |
|
|
|a urn:nbn:sk:snk-am00diqz
|
| 040 |
|
|
|a SNK
|b slo
|c SNK
|e AACR2
|
| 041 |
0 |
|
|a slo
|
| 043 |
|
|
|a e-cs---
|
| 044 |
|
|
|a xo
|c SK
|
| 072 |
|
7 |
|a 338.3/.4
|x Hospodárske a výrobné odvetvia
|2 konspekt
|
| 080 |
|
|
|a 338.45
|2 2011
|
| 080 |
|
|
|a (437)
|2 2011
|
| 080 |
|
|
|a (062.534)
|2 2011
|
| 245 |
0 |
0 |
|a O úlohách pre ďalší vzostup priemyslu, technický pokrok a zlepšenie výroby
|b zpráva N.A. Bulganina na plenárnom zasadaní Ústredného výboru Komunistickej strany Sovietskeho sväzu 4. júla 1955 a uznesenie plenárneho zasadania ÚV KSSS z 11. júla 1955 k zpráve súdruha N.A. Bulganina
|
| 260 |
|
|
|a Bratislava
|b Pravda
|c 1955
|
| 300 |
|
|
|a 86 strán
|c 21 cm
|
| 610 |
2 |
7 |
|a Kommunističeskaja partija Sovetskogo Sojuza
|2 SNKKA
|9 50548
|
| 611 |
2 |
7 |
|a Ústredný výbor Komunistickej strany Sovietskeho sväzu (konferencia)
|n (19. :
|d 1955 :
|c Bratislava, Slovensko)
|2 SNKKA
|9 471432
|
| 650 |
0 |
7 |
|a priemysel
|2 SNKPH
|9 1618
|
| 650 |
0 |
7 |
|a priemyselná výroba
|2 SNKPH
|9 72943
|
| 651 |
|
7 |
|a Československo
|2 SNKPHgeo
|9 21376
|
| 655 |
|
7 |
|a zborníky konferencií
|2 SNKPH
|9 70153
|
| 852 |
|
|
|a Slovenská národná knižnica
|
| 954 |
|
|
|a odborná, vedecká literatúra pôvodná (slovenská)
|2 lita
|
| 958 |
|
|
|a SP
|
| 958 |
|
7 |
|a RK
|
| 958 |
|
7 |
|a TL
|
| 958 |
|
|
|a OND
|
| 958 |
|
|
|a EUIPO
|
| 999 |
|
|
|c 737639
|d 739569
|
| 952 |
|
|
|a SNK
|b SNK
|y PREZ
|7 0
|p 17A0771037
|o snkSC 6374
|i snk1100/55
|0 0
|1 0
|4 0
|d 2019-04-25
|f 1
|l 0
|r 2025-07-04 00:00:00
|w 2026-02-23
|